| 000 | 00417nam a2200181Ia 4500 | ||
|---|---|---|---|
| 008 | 170705s9999 xx 000 0 und d | ||
| 020 | _a9780516251165 | ||
| 245 | _aWait for me! / | ||
| 245 | _cJane E. Gerver. | ||
| 260 | _aNew York : | ||
| 260 | _bScholastic, | ||
| 260 | _c2004 | ||
| 300 | _a31 pages : | ||
| 300 | _bcolor illustration ; | ||
| 300 | _c20cm. | ||
| 440 | _aMy first reader. | ||
| 500 | _aBR | ||
| 999 |
_c335272 _d335272 |
||